000 01282nam a2200337Ia 4500
001 ebr10217803
003 CaPaEBR
006 m u
007 cr cn|||||||||
008 071126s2008 pau sb 001 0 eng d
010 _z 2007048317
020 _z9789027241535 (hb : alk. paper)
020 _z9027241538 (hb : alk. paper)
040 _aCaPaEBR
_cCaPaEBR
035 _a(OCoLC)648354229
050 1 4 _aBF531
_b.F34 2008eb
082 0 4 _a128/.37
_222
245 0 0 _aFact and value in emotion
_h[electronic resource] /
_cedited by Louis C. Charland, Peter Zachar.
260 _aPhiladelphia ;
_aAmsterdam :
_bJohn Benjamins Pub. Co.,
_cc2008.
300 _avi, 212 p.
490 0 _aConsciousness & emotion ;
_vv. 4
504 _aIncludes bibliographical references and index.
533 _aElectronic reproduction.
_bPalo Alto, Calif. :
_cebrary,
_d2009.
_nAvailable via World Wide Web.
_nAccess may be limited to ebrary affiliated libraries.
650 0 _aEmotions.
650 0 _aPsychology.
655 7 _aElectronic books.
_2local
700 1 _aCharland, Louis C.
700 1 _aZachar, Peter.
710 2 _aebrary, Inc.
856 4 0 _uhttp://site.ebrary.com/lib/rucke/Doc?id=10217803
_zAn electronic book accessible through the World Wide Web; click to view
999 _c129518
_d129518